00404nam a2200133 4500003000900000005001700009008002800026020001500054040002200069110000600091245010900097260003500206300002900241DO-SdBNP20180209104239.0180209b 2006 xx 00| 0 spa d a0888507992 aBPMSUbspacBPMSU a  aThe ulimate christmas :bover 240 projects to help you make, bake and decorate everything for christmas! aChina :bReaders Digest,c2006 a288 p. :bil. ;c30 cm.